Guia practica : Acreditacion de programas e instituciones de educacion superior en colombia / Dario Abad Arango (Registro nro. 11730)

Detalles MARC
000 -LEADER
fixed length control field 00589nam a22001931a 4500
001 - CONTROL NUMBER
control field 11730
003 - CONTROL NUMBER IDENTIFIER
control field OSt
005 - DATE AND TIME OF LATEST TRANSACTION
control field 20260204212253.0
008 - FIXED-LENGTH DATA ELEMENTS--GENERAL INFORMATION
fixed length control field 130516s2007||||ck ||||||b||||||||||spa||
020 ## - NUMERO DE LIBRO INTERNACIONAL NORMALIZADO
International Standard Book Number 9789586485197
050 ## - LIBRARY OF CONGRESS CALL NUMBER
Classification number 379.158 A11g
100 ## - ASIENTO PRINCIPAL -- NOMBRE PERSONAL
Personal name Abad Arango, Dario
245 ## - TÍTULO PROPIAMENTE DICHO: SUBTÍTULO
Title Guia practica : Acreditacion de programas e instituciones de educacion superior en colombia / Dario Abad Arango
250 ## - MENCIÓN DE EDICIÓN
Edition statement 2a
264 ## - PRODUCTION, PUBLICATION, DISTRIBUTION, MANUFACTURE, AND COPYRIGHT NOTICE
Place of production, publication, distribution, manufacture Colombia : educaciones Ecoe
300 ## - PHYSICAL DESCRIPTION
Extensión 150 P.
650 ## - ASIENTO SECUNDARIO DE MATERIA -- TERMINO TEMÁTICO
Termino Temático Como Elemento de Entrada ACREDITACION (EDUCACION) - COLOMbia 2.EDUCACION SUPERIOR - COLOMBIAÌ
942 ## - ADDED ENTRY ELEMENTS (KOHA)
Source of classification or shelving scheme Dewey Decimal Classification
Koha item type Libros
Existencias
Withdrawn status Lost status Source of classification or shelving scheme Damaged status Not for loan Current library Date acquired Total Checkouts Full call number Barcode Date last seen Price effective from Koha item type
    Dewey Decimal Classification     Biblioteca UTECO 09/09/2019   379.158 A11G 016977 09/09/2019 09/09/2019 Libros
    Dewey Decimal Classification     Biblioteca UTECO 09/09/2019   379.158 A11G 016978 09/09/2019 09/09/2019 Libros
© 2021 Derechos Reservados UTECO - Teléfono: +1 809-585-2291 - Correo electrónico: biblioteca@uteco.edu.do​  
Código postal 43000 ​​
Dirección: Avenida Universitaria No. 100, 
Cotuí, Provincia Sánchez Ramírez, República Dominicana - RNC: 404-00059-6